000 00705nam a2200241 i 4500
001 C2-0286728
003 PPAK
005 20180728020125.0
008 080128s1996 nyua|||| ||||| | eng d
020 _a0590484109
040 _aPPAK
_beng
_cPPAK
_erda
082 0 4 _a331.892
_223
090 0 0 _a331.892
_bDAS
_dLCK
100 1 _aDash, Joan,
_eauthor
245 1 4 _aThe women's factory strike of 1909 :
_bwe shall not be moved
264 1 _aNew York :
_bScholastic Inc. ,
_c1996
300 _a165 pages :
_billustrations ;
_c19 cm
336 _2rdacontent
_atext
337 _2rdamedia
_aunmediated
338 _2rdacarrier
_avolume
650 1 0 _aStrikes and lockouts - United States
942 _ddc
_cB
999 _c92450
_d92450